Countries with Alpine marmots - Statistics

General Stats
  • This quiz has been taken 19 times
  • The average score is 11 of 12
Answer Stats
Country % Correct
Austria
100%
France
100%
Germany
100%
Switzerland
100%
Italy
94%
Slovenia
94%
Spain
94%
Liechtenstein
89%
Slovakia
89%
Andorra
83%
Poland
72%
Romania
67%
No matching quizzes found
Score Distribution
Percent of People with Each Score
Percentile by Number Answered
Your Score History
You have not taken this quiz